000
00303nam a2200121Ia 4500
008
210430s9999 xx 000 0 und d
082
_a
297.07M9521 I
100
_a
Farkhanda Noor
245
_a
Islamiat
_c
Farkhanda Noor
260
_a
pakistan
_b
Zaheer Salman
_c
2009
300
_a
293p
942
_c
BK
_2
ddc
999
_c
564414
_d
564414